| 000 | 00922nam a2200253 a 4500 | ||
|---|---|---|---|
| 001 | 79566 | ||
| 003 | BD-RjUL | ||
| 005 | 20220423125539.0 | ||
| 008 | 220316s2003 bg a|||| m||| 00| 0 eng d | ||
| 035 | _a(BD-RjUL)79566 | ||
| 040 |
_aBD-RjUL _beng _cBD-RjUL _dBD-RjUL |
||
| 041 | _aeng | ||
| 082 |
_223 _a338.95492 _bSAS 2003 |
||
| 100 |
_aSalam, Mohd. Abdus _91887 |
||
| 245 | 1 | 0 |
_aSocio-Economic Impact of Remittances in Bangladesh / _cBy Mohd. Abdus Salam ; _6Supervisor: M. Mohsin Ali |
| 260 |
_aRajshahi : _bInstitute of Bangladesh Studies,University of Rajshahi, _c2003 |
||
| 300 |
_axviii, 258 leaves : _bill ; _c29 cm. |
||
| 502 | _aThesis (Ph. D. ) -- Institute of Bangladesh Studies, University of Rajshahi, 2003 | ||
| 504 | _aBibliography : leaves [227]-239 | ||
| 600 |
_z _92691 |
||
| 650 |
_aEmigrant remittances _zBangladesh. _92692 |
||
| 700 |
_aAli, M. Mohsin, Supervisor _91843 |
||
| 942 |
_2ddc _cTHE |
||
| 999 |
_c79566 _d79566 |
||